| 000 | 00000nam 2200000za 4500 |
| 001 | 9.852409 |
| 003 | CaOODSP |
| 005 | 20221107154557 |
| 007 | cr ||||||||||| |
| 008 | 180226m19731982onc #ob f000 0 eng d |
| 040 | |aCaOODSP|beng |
| 041 | |aeng|bfre |
| 043 | |an-cn--- |
| 086 | 1 |aR32-430/1973E-PDF |
| 245 | 00|aApproximate area in sq. miles under treaty in Canada |h[electronic resource]. |
| 246 | 13|aCanada derrière l'épopée, les autochtones |
| 260 | |aOttawa : |bTreaties and Historical Research Centre, |c1973, 1982. |
| 300 | |a1 v. (various pagings) |
| 500 | |aTitle from cover. |
| 500 | |aImperfect: p. 3 is out of order in this digitized edition. |
| 500 | |aDigitized edition from print [produced by Indigenous and Northern Affairs Canada]. |
| 504 | |aIncludes bibliographical references. |
| 520 | |aStatistics of acreages of Canadian provinces under treaty in Canada including approximate areas of accepted B.C. comprehensive land claims. |
| 546 | |aText in English with some text also in French. |
| 692 | 07|2gccst|aLand claims |
| 692 | 07|2gccst|aAgreements |
| 692 | 07|2gccst|aIndicators |
| 710 | 2 |aTreaties and Historical Research Centre (Canada) |
| 710 | 1 |aCanada. |bIndian and Northern Affairs Canada. |
| 856 | 40|qPDF|s1.26 MB|uhttps://publications.gc.ca/collections/collection_2018/aanc-inac/R32-430-1973-eng.pdf |